00700nam a2200241 a 4500001001300000003000900013005001700022008004100039020001000080082001500090100002200105245002000127260004700147300000900194500003500203505003000238650002500268700002200293902000800315942000700323952011500330999001300445nice12345678IN_TiNIC20260116011304.0050524s0000 laha grp 000 0 urd  ac10000a297.5bMUS aMushtaq Hussain,  aTahzeebul Akhlq aLahorebAllah Waaley Ki Qawmi Dukaanc0000 a116p aincludes index and biblioraphy2 aVol.3, 2 Copies and Vol.4 aIslam-Moral Theology1 aMushtaq Hussain,  bSRS cBK 001040708StackRoom-aHMIbHMId2007-07-03g100.00l0o297.5 MUSp04434r2007-07-03v100.00w2005-05-24yBK c201d201